| 000 | 01100cab a2200349 4500 | ||
|---|---|---|---|
| 001 | ABS58090 | ||
| 008 | 090401t1997 xxu||||| |||| 00| 0 eng d | ||
| 035 | _a(Sirsi) u82768 | ||
| 041 | _aeng | ||
| 100 | _aWeatherhead, P. | ||
| 245 | 2 | _aA breath of fresh air | |
| 260 | _c1997 | ||
| 350 | _a0 | ||
| 490 |
_aEstates Gazette _v(9750) 13 December 1997, 79-80(2) |
||
| 520 | _aInvestigates the implications for property development over the decision by the Environment Secretary to allow a Safeway superstore on the grounds that the development would not adversely affect localised air quality. | ||
| 650 | _aAIR POLLUTION | ||
| 650 | _aAIR QUALITY | ||
| 650 | _aBATH | ||
| 650 | _aMATERIAL CONSIDERATIONS | ||
| 650 | _aPLANNING APPEALS | ||
| 650 | _aPOLLUTION CONTROL | ||
| 650 | _aPPG23 | ||
| 650 | _aPRECAUTIONARY PRINCIPLE | ||
| 650 | _aPROPERTY DEVELOPMENT | ||
| 650 | _aSAFEWAY STORES PLC | ||
| 650 | _aSUPERSTORES | ||
| 650 | _aSUSTAINABLE DEVELOPMENT | ||
| 650 | _aTRAFFIC GENERATION | ||
| 690 | _aPLANNING LAW AND PRACTICE | ||
| 942 | _n0 | ||
| 948 | _c17/12/1997 | ||
| 999 |
_c52277 _d52277 |
||